Statystyki dla Najmocniejsze Armie Świata TOP15

Kliknij tutaj aby rozwiązać quiz!

Ogólne statystyki

  • Ten quiz został rozwiązany 96 razy
  • Średni wynik to 13 z 15

Statystyki odpowiedzi

Lp.Odpowiedź% Poprawnych
3Chińska Republika Ludowa
100%
1Stany Zjednoczone
100%
2Federacja Rosyjska
99%
7Korea Południowa
94%
5Republika Francuska
94%
6Zjednoczone Królestwo
94%
10Republika Federalna Niemiec
91%
4Republika Indii
91%
8Japonia
88%
14Federacyjna Republika Brazylii
86%
11Republika Włoska
79%
13Islamska Republika Iranu
77%
9Republika Turcji
71%
12Arabska Republika Egiptu
56%
15Państwo Izrael
51%

Rozkład punktacji

Percentyl według liczby udzielonych odpowiedzi

Procent ludzi z każdym wynikiem

Twoja historia wyników

Nie rozwiązałeś tego quizu